| 000 | 01759cam a22004214i 4500 | ||
|---|---|---|---|
| 003 | PE-LiUPU | ||
| 005 | 20250731184059.0 | ||
| 008 | 150623s r 000 0 d | ||
| 020 | _a9023233670 | ||
| 035 | _a(Sirsi) i9789023233671 | ||
| 040 |
_aPE-LiUPU _bspa _cPE-LiUPU _erda |
||
| 049 | _aPRUA | ||
| 082 | 0 | 4 |
_a892.4 _bF72 _221 |
| 100 | 1 |
_aFokkelman, J. P., _eautor. |
|
| 245 | 1 | 0 |
_aMajor poems of the Hebrew Bible : _bat the interface of hermeneutics and structural analysis / _cJ.P. Fokkelman. |
| 264 | 1 |
_aAssen, The Netherlands : _bVan Gorcum, _c1998. |
|
| 300 |
_a208 páginas ; _c24 centímetros |
||
| 336 |
_atext _2rdacontent |
||
| 337 |
_aunmediated _2rdamedia |
||
| 338 |
_avolume _2rdacarrier |
||
| 490 | 0 |
_aStudio Semítica Neerlándica ; _v37 |
|
| 504 | _aIncluye bibliografía. | ||
| 505 | 0 | _aIntroduction to the study of classical hebrew poetry. -A full fescription of exodus 15. -A comprehensive description of deuteronomy 32 as a work of art. -The song of Moses in Deut. 32 as a whole. -The poem of Job 3: its structure and numerical perfection. | |
| 526 | _aP145 | ||
| 526 | _aP127 | ||
| 526 | _aP97 | ||
| 526 | _aP14 | ||
| 526 | _aP07 | ||
| 630 |
_aBiblia. _pA.T. _xCrítica estructuralista. |
||
| 630 |
_aBiblia. _pA.T. _xLenguaje, estilo. |
||
| 650 | 0 | 4 |
_aPoesía hebrea bíblica _xHistoria y crítica. |
| 942 |
_2ddc _cBOOK |
||
| 949 |
_a892.4 F72 _wDEWEY _c1 _i48151 _lCCODEBUL1 _mBUL _r0 _sY _tBOOK _u2015-6-24 _xTEOLOGIA _PP35 _0COMPRA _o.STAFF. Colección General |
||
| 994 |
_aC0 _bPEPRU |
||
| 596 | _a1 | ||
| 999 |
_a892.4 F72 _wDEWEY _c25124 _i48151 _f2021-11-11 _g5 _lCCODEBUL1 _mBUL _r0 _sY _tBOOK _u2015-6-24 _xTEOLOGIA _PP35 _0COMPRA _o.STAFF. Colección General _d25124 |
||
| 980 |
_81 _gALBERTO SANCHEZ Responsable de Automatización |
||